Acta oeconomica et informatica vedecký časopis pre ekonomiku a informatiku v poľnohospodárstve = The Scientifical journal for economics and informatics in Agriculture

Na minha lista:
Detalhes bibliográficos
Formato: Periódico
Idioma:eslovaco
Publicado em: Nitra SPU v Nitre 2000
Assuntos:
Tags: Adicionar Tag
Sem tags, seja o primeiro a adicionar uma tag!

MARC

LEADER 00000nas2a2200000 4500
001 s124583
005 20231103122534.5
022 |a 1335-2571 
041 0 |a slo 
044 |a SK 
245 1 0 |a Acta oeconomica et informatica  |b vedecký časopis pre ekonomiku a informatiku v poľnohospodárstve = The Scientifical journal for economics and informatics in Agriculture 
264 1 |a Nitra  |b SPU v Nitre  |c 2000 
300 |a 1 zv. 
773 0 |w eu_un_cat*s122126 
610 2 0 |a poľnohospodárstvo 
610 2 0 |a informatika